[Event "Montevideo op 8th"]
[Site "Montevideo"]
[Date "2025.02.08"]
[Round "9"]
[White "Nunez, Hiber"]
[Black "Scarani, Manuel"]
[Result "1-0"]
[WhiteElo "1694"]
[BlackElo "1592"]
[PlyCount "133"]
[EventDate "2025.01.31"]
[EventType "swiss"]
[EventRounds "9"]
[EventCountry "URU"]
[SourceTitle "CB08_2025"]
[SourceDate "2025.02.19"]
[SourceVersion "1"]
[SourceVersionDate "2025.02.19"]
[SourceQuality "1"]

1. d4 Nf6 2. c4 d6 3. Nc3 g6 4. e4 Bg7 5. f4 0-0 6. Nf3 Bg4 7. Bd3 Nc6 8. Be3 e5 9. fxe5 dxe5 10. d5 Nd4 11. h3 Nxf3+ 12. gxf3 Bh5 13. Qe2 c6 14. Qf2 cxd5 15. cxd5 b6 16. Rg1 Nd7 17. Ne2 Bf6 18. Kd2 Bh4 19. Qg2 Be7 20. Ng3 Bb4+ 21. Ke2 Nf6 22. Bg5 Be7 23. Bxf6 Bxf3+ 24. Qxf3 Bxf6 25. Raf1 Bg7 26. Qg4 Bh6 27. Nh5 Qd6 28. a3 Qc5 29. Qf3 Qa5 30. Rd1 b5 31. Nf6+ Kg7 32. Nd7 Bf4 33. Nxf8 Rxf8 34. Kf1 b4 35. axb4 Qxb4 36. Qe2 a5 37. Qc2 Qd4 38. Be2 Qe3 39. Qd3 Qa7 40. d6 Qd7 41. Bg4 Qa7 42. Rg2 Bg5 43. Qc3 Bf6 44. Re2 h5 45. Bf3 Qd7 46. Bg2 a4 47. Qc7 Qb5 48. d7 Qb3 49. d8Q Bxd8 50. Rxd8 Rxd8 51. Qxd8 Qg3 52. Qd2 Qb3 53. Re3 Qe6 54. Qd5 Qa6+ 55. Kf2 Qf6+ 56. Rf3 Qb6+ 57. Kg3 Qc7 58. Qxf7+ Qxf7 59. Rxf7+ Kxf7 60. Bf1 g5 61. Bb5 Ke7 62. Bxa4 Kd6 63. Bd1 Kc5 64. Bxh5 Kd4 65. Kf3 Kc4 66. Bf7+ Kd4 67. Bd5 1-0

[Event "Montevideo op 8th"]
[Site "Montevideo"]
[Date "2025.01.31"]
[Round "1"]
[White "Nunez, Hiber"]
[Black "Lanzilotta Mernies, Marcelo"]
[Result "0-1"]
[WhiteElo "1694"]
[BlackElo "1958"]
[PlyCount "70"]
[EventDate "2025.01.31"]
[EventType "swiss"]
[EventRounds "9"]
[EventCountry "URU"]
[SourceTitle "CB08_2025"]
[SourceDate "2025.02.19"]
[SourceVersion "1"]
[SourceVersionDate "2025.02.19"]
[SourceQuality "1"]

1. d4 c5 2. c4 cxd4 3. Qxd4 Nc6 4. Qd1 Nf6 5. Nc3 g6 6. Nf3 Bg7 7. Bf4 0-0 8. e3 Qa5 9. Qd2 Nh5 10. Bg3 d6 11. Bd3 Be6 12. 0-0 Rac8 13. a3 Nxg3 14. hxg3 Ne5 15. Nxe5 Qxe5 16. Qe2 a6 17. Rac1 Rc7 18. Rc2 Rfc8 19. Rfc1 Bxc4 20. Bxc4 Rxc4 21. Nd1 Rxc2 22. Rxc2 Rxc2 23. Qxc2 Qc5 24. Qxc5 dxc5 25. Kf1 c4 26. Ke2 b5 27. Kd2 f5 28. Kc2 Kf7 29. b3 cxb3+ 30. Kxb3 a5 31. f4 Ke6 32. Nf2 Kd5 33. g4 fxg4 34. e4+ Kd4 35. Nxg4 Kxe4 0-1

[Event "Montevideo Trebejos op 10"]
[Site "Montevideo"]
[Date "2017.10.19"]
[Round "5"]
[White "Nunez, Hiber"]
[Black "Toledo, Javier"]
[Result "1/2-1/2"]
[WhiteElo "1755"]
[BlackElo "1877"]
[PlyCount "57"]
[EventDate "2017.10.03"]
[EventType "swiss"]
[EventRounds "6"]
[EventCountry "URU"]
[SourceTitle "CBM 181 Extra"]
[Source "ChessBase"]
[SourceDate "2017.12.12"]
[SourceVersion "1"]
[SourceVersionDate "2017.12.12"]
[SourceQuality "1"]

1. d4 Nf6 2. c4 e6 3. Nc3 Bb4 4. e3 0-0 5. Nf3 d6 6. a3 Bxc3+ 7. bxc3 Nbd7 8. Bd3 e5 9. Bc2 Qe7 10. 0-0 e4 11. Nd2 Nb6 12. h3 Bf5 13. a4 Bg6 14. Re1 a5 15. Qe2 Rfe8 16. Bb2 Nbd7 17. Nf1 h5 18. Nh2 Nh7 19. f3 f5 20. f4 Nhf6 21. Nf1 Nb6 22. Bb3 Kh8 23. Ba3 Qd7 24. Qc2 Qc6 25. c5 dxc5 26. Bxc5 Nbd7 27. Ba3 Nd5 28. Rac1 N7b6 29. Nd2 1/2-1/2

[Event "Montevideo Trebejos op 10"]
[Site "Montevideo"]
[Date "2017.10.10"]
[Round "3"]
[White "Nunez, Hiber"]
[Black "Martinez Fernandez, Fernando"]
[Result "0-1"]
[WhiteElo "1755"]
[BlackElo "1914"]
[PlyCount "120"]
[EventDate "2017.10.03"]
[EventType "swiss"]
[EventRounds "6"]
[EventCountry "URU"]
[SourceTitle "CBM 181 Extra"]
[Source "ChessBase"]
[SourceDate "2017.12.12"]
[SourceVersion "1"]
[SourceVersionDate "2017.12.12"]
[SourceQuality "1"]

1. d4 d5 2. c4 c6 3. Nf3 Nf6 4. Nc3 dxc4 5. a4 Bf5 6. e3 e6 7. Bxc4 Nbd7 8. 0-0 Bd6 9. Qe2 Nb6 10. Bb3 Be7 11. e4 Bg6 12. h3 0-0 13. Rd1 Qc7 14. Ne5 Rad8 15. Bf4 Qc8 16. Nxg6 hxg6 17. e5 Nfd5 18. Bg3 Bb4 19. Ne4 a5 20. Rac1 Be7 21. Qg4 Rd7 22. h4 Rfd8 23. Nc5 Bxc5 24. dxc5 Na8 25. h5 gxh5 26. Qxh5 g6 27. Qh6 Ne7 28. Rxd7 Rxd7 29. Bc2 Qf8 30. Qxf8+ Kxf8 31. Rd1 Nd5 32. Bh4 Nac7 33. g3 Na6 34. Bg5 Nxc5 35. Bd2 b6 36. Kg2 Ke8 37. Bg5 Rb7 38. Rh1 Kf8 39. Rh8+ Kg7 40. Rc8 Nd7 41. Bf6+ N7xf6 42. exf6+ Kxf6 43. Rxc6 Nb4 44. Rc4 Rd7 45. Be4 Rd2 46. b3 Rb2 47. Rc3 Ke5 48. Bb7 Na2 49. Rf3 f5 50. Re3+ Kf6 51. Bc8 e5 52. Rd3 e4 53. Rd6+ Kg5 54. Rxb6 e3 55. Re6 exf2 56. Re3 Nc1 57. Ba6 Nxb3 58. Re2 Rxe2 59. Bxe2 Nc5 60. Bb5 Ne4 0-1

[Event "Latin Cup"]
[Site "Montevideo"]
[Date "2011.11.03"]
[Round "4"]
[White "Nunez, Hiber"]
[Black "Ferrari, Carlos"]
[Result "1-0"]
[WhiteElo "1865"]
[BlackElo "1888"]
[PlyCount "95"]
[EventDate "2011.11.01"]
[EventType "swiss"]
[EventRounds "9"]
[EventCountry "URU"]
[SourceTitle "EXT 2012"]
[Source "ChessBase"]
[SourceDate "2011.11.24"]
[SourceVersion "1"]
[SourceVersionDate "2011.11.24"]
[SourceQuality "1"]

1. d4 Nf6 2. c4 d6 3. Nc3 g6 4. e4 Nbd7 5. f4 e5 6. fxe5 dxe5 7. d5 a6 8. Nf3 Bg7 9. Be2 Qe7 10. a3 0-0 11. Rb1 Nc5 12. Qc2 b6 13. Bg5 Qd6 14. Nd2 Ng4 15. b4 Nb7 16. h3 Nh6 17. 0-0 f5 18. Bf3 Nf7 19. Be3 f4 20. Bf2 g5 21. Nb3 Qg6 22. Qe2 Qh6 23. c5 Kh8 24. Rfd1 Qf6 25. Rd3 Rg8 26. Kf1 Bf8 27. Rc1 Nh6 28. Bg4 Bxg4 29. hxg4 Rd8 30. d6 cxd6 31. cxb6 Qf7 32. Nd5 Rd7 33. Rdc3 Be7 34. Rc7 Bd8 35. R7c6 Qe6 36. Qxa6 Nxg4 37. Nc5 Nxc5 38. bxc5 Nxf2 39. Kxf2 Qg4 40. Qd3 dxc5 41. R1xc5 Qh4+ 42. Ke2 g4 43. Kd2 Qh1 44. Qe2 Be7 45. Rc1 Qh6 46. Rxh6 f3 47. gxf3 gxf3 48. Qxf3 1-0

[Event "Montevideo Rubinstein op"]
[Site "Montevideo"]
[Date "2003.06.12"]
[Round "4"]
[White "Navarrete, Daniel"]
[Black "Nunez, Hiber"]
[Result "1-0"]
[WhiteElo "2180"]
[BlackElo "2049"]
[PlyCount "95"]
[EventDate "2003.06.??"]
[EventType "swiss"]
[EventRounds "7"]
[EventCountry "URU"]
[SourceTitle "EXT 2004"]
[Source "ChessBase"]
[SourceDate "2003.11.25"]
[SourceVersion "1"]
[SourceVersionDate "2003.11.25"]
[SourceQuality "1"]

1. e4 Nc6 2. Nf3 d6 3. d4 Nf6 4. Nc3 a6 5. a4 e6 6. Be2 d5 7. e5 Nd7 8. Ng5 Be7 9. h4 Nf8 10. Bh5 g6 11. Be2 h5 12. Nf3 Nb8 13. Nb1 c5 14. c3 Nc6 15. Bg5 cxd4 16. cxd4 Bd7 17. 0-0 Qb6 18. Bxe7 Nxe7 19. Nbd2 Bc6 20. Nb3 Nd7 21. a5 Qd8 22. Bd3 Nf5 23. Bxf5 exf5 24. Re1 Nf8 25. Nc5 Ne6 26. b4 Qe7 27. Qd2 Kf8 28. Rec1 Kg7 29. Rc3 Rhd8 30. Rac1 Nxc5 31. bxc5 Rac8 32. Rb1 Bb5 33. Re3 Rc6 34. Rbe1 Re8 35. Ng5 Qd7 36. f4 Bc4 37. Rg3 Bb5 38. Qe3 Bc4 39. e6 fxe6 40. Qe5+ Kg8 41. Qe3 Qe7 42. Nf3 Rc7 43. Ne5 Kh7 44. Rxg6 Qf8 45. Qf3 Rg7 46. Qxh5+ Kg8 47. Rxg7+ Kxg7 48. Qg6+ 1-0